00971nam a22003017a 450000500170000000800410001701000150005802000260007302000230009903500130012203700130013504000130014808200160016110000170017724500710019426000450026527000610031030000440037150000520041550501810046765000030064865000030065165000030065465000030065765000030066065100030066370000030066620110127111658.0110127t xxu||||| |||| 00| 0 eng d aENG-101963 a9780198069409c750.00 a0198069405c750.00 aEN-85496 bDBAD/PUB adplbEng a306.8509546 aMadan, T. N. aThe Hindu householder :cby T. N. Madanbthe T.N. Madan omnibus / aNew DelhibOxford University Pressc2010 aYMCA Library Building, Jai Singh RoadbNew Delhie110001 avarious pagings :c24cm (Hb)bill., map aIncludes bibliographical references and indexes aIt includes two truly iconic works- Family and kinship: a study of the Pandits of rural Kashmir ; 2nd enl. ed and Non-renunciation: themes and interpretations of Hindu culture